Catálogo

DISEÑO SIMPLIFICADO DE EDIFICIOS PARA CARGAS DE VIENTOS Y SISMOS (Registro nro. 1377)

Detalles MARC
000 -LEADER
fixed length control field 00507nam a2200181 a 4500
001 - CONTROL NUMBER
control field 1377
005 - DATE AND TIME OF LATEST TRANSACTION
control field 20180713181430.0
008 - FIXED-LENGTH DATA ELEMENTS--GENERAL INFORMATION
fixed length control field 140415s1986 mx 000 0 spa d
041 ## - LANGUAGE CODE
Language code of text/sound track or separate title spa
082 ## - DEWEY DECIMAL CLASSIFICATION NUMBER
Classification number 624.175
Item number AMB
100 1# - MAIN ENTRY--PERSONAL NAME
Personal name AMBROSE, JAMES
245 10 - TITLE STATEMENT
Title DISEÑO SIMPLIFICADO DE EDIFICIOS PARA CARGAS DE VIENTOS Y SISMOS
250 ## - EDITION STATEMENT
Edition statement 1a ed.
260 ## - PUBLICATION, DISTRIBUTION, ETC.
Place of publication, distribution, etc. MEXICO :
Name of publisher, distributor, etc. ED. LUMUSA,
Date of publication, distribution, etc. 1986
300 ## - PHYSICAL DESCRIPTION
Extent 293
650 14 - SUBJECT ADDED ENTRY--TOPICAL TERM
Topical term or geographic name entry element CONSTRUCCIONES ANTISISMICAS
700 1# - ADDED ENTRY--PERSONAL NAME
Personal name VERGUN, DIMITRY
Relator term coaut.
Existencias
Withdrawn status Lost status Source of classification or shelving scheme Damaged status Not for loan Collection code Home library Current library Shelving location Date acquired Source of acquisition Inventory number Total Checkouts Full call number Barcode Date last seen Price effective from Koha item type
    Dewey Decimal Classification     General Biblioteca Karol Wojtyla Biblioteca Karol Wojtyla Sala general 03/12/2013 Compra 151000000000000000003856   624.175 AMB 11788 05/01/2026 03/12/2013 Libro